[Event "Heusenstamm Sparkassen op U14 5th"]
[Site "Heusenstamm"]
[Date "2018.11.24"]
[Round "4"]
[White "Ninnemann, Patrick"]
[Black "Heuberger, Melanie"]
[Result "0-1"]
[WhiteElo "799"]
[BlackElo "774"]
[PlyCount "28"]
[EventDate "2018.11.23"]
[EventType "swiss"]
[EventRounds "7"]
[EventCountry "GER"]
[SourceTitle "CBM 188 Extra"]
[Source "ChessBase"]
[SourceDate "2019.02.26"]
[SourceVersion "1"]
[SourceVersionDate "2019.02.26"]
[SourceQuality "1"]

1. e4 e5 2. Nf3 Nc6 3. Bc4 Bc5 4. Nc3 Nf6 5. d3 d6 6. Bg5 Bg4 7. h3 Bxf3 8. Qxf3 Qd7 9. Bxf6 gxf6 10. 0-0 0-0-0 11. a3 Nd4 12. Qd1 Nf3+ 13. gxf3 Rdg8+ 14. Kh1 Qxh3# 0-1